|
|
|
|
| LEADER |
00000nab a2200000 ar4500 |
| 001 |
vtls009003478 |
| 003 |
SK-MaSNL |
| 005 |
20260319071256.0 |
| 008 |
070521c2007 xo ||||||h| 000 b|hun |
| 015 |
|
|
|a SNBRB2007/05
|2 snkbucl
|
| 038 |
|
|
|a SNKBUCL
|
| 040 |
|
|
|a DSZK
|b slo
|c DSZK
|e AACR2
|
| 041 |
0 |
|
|a hun
|
| 044 |
|
|
|a xo
|c SK
|
| 080 |
|
|
|a 2-051:284.2:061.7
|2 1997
|
| 080 |
|
|
|a 284.2
|2 1997
|
| 080 |
|
|
|a 929 Erdélyi, Géza
|2 1997
|
| 100 |
1 |
|
|a Molnár, János Cs.
|4 aut
|9 857408
|
| 245 |
1 |
0 |
|a Isten kegyelme adott erőt
|b Erdélyi Géza köszöntése 70. születésnapja alkalmából
|c Cs. Molnár János
|
| 500 |
|
|
|a Odznelo 14. apríla 2007 v Reformovanom kostole v Rimavskej Sobote
|
| 600 |
1 |
7 |
|a Erdélyi, Géza,
|d 1937-
|2 snkbucl
|9 102301
|
| 773 |
0 |
|
|t Kálvinista szemle
|g Évf. LXXVIII, sz. 5 (2007), o. 8
|x 1335-7298
|
| 852 |
|
|
|a SNK
|b KIS3GCP
|
| 852 |
|
|
|a DSZK
|b KIS3GCP
|
| 958 |
|
|
|a HU
|
| 958 |
|
|
|a BX
|
| 958 |
|
|
|a NT
|
| 999 |
|
|
|c 1751725
|d 1753655
|